Opak věčnosti /
Román amerického autora pro mládež o síle lásky, cestování časem a rozhodnutích, která mohou změnit osudy několika osob.
Uloženo v:
| Hlavní autor: | |
|---|---|
| Další autoři: | |
| Médium: | E-kniha |
| Jazyk: | Czech |
| Vydáno: |
V Praze :
CooBoo,
2019
|
| Vydání: | 1. vydání |
| Témata: | |
| Tagy: |
Žádné tagy |
| LEADER | 02757nam a2200493 i 4500 | ||
|---|---|---|---|
| 001 | 313980 | ||
| 003 | CZ PrSKC | ||
| 005 | 20260629062710.0 | ||
| 007 | ta | ||
| 008 | 190823s2019 xr g 000 f cze | ||
| 015 | |a cnb003124467 | ||
| 020 | |a 9788075448439 |q (vázáno) : |c Kč 349,00 | ||
| 035 | |a (OCoLC)1122793922 | ||
| 040 | |a ABG001 |b cze |e rda | ||
| 041 | 1 | |a cze |h eng | |
| 072 | 7 | |a 821.111(73)-3 |x Americká próza |2 Konspekt | |
| 072 | 7 | |a 821-93 |x Literatura pro děti a mládež (beletrie) |2 Konspekt | |
| 080 | |a 821.111(73)-31 |2 MRF | ||
| 080 | |a 821-93 |2 MRF | ||
| 080 | |a (0:82-312.9) |2 MRF | ||
| 100 | 1 | |a Reynolds, Justin A. |7 xx0239103 |4 aut | |
| 240 | 1 | 0 | |a Opposite of always. |l Česky |
| 245 | 1 | 0 | |a Opak věčnosti / |c Justin A. Reynolds ; přeložila Alžběta Ambrožová |
| 250 | |a 1. vydání | ||
| 264 | 1 | |a V Praze : |b CooBoo, |c 2019 | |
| 300 | |a 444 stran ; |c 21 cm | ||
| 336 | |a text |b txt |2 rdacontent | ||
| 337 | |a bez média |b n |2 rdamedia | ||
| 338 | |a svazek |b nc |2 rdacarrier | ||
| 500 | |a Přeloženo z angličtiny | ||
| 520 | 2 | |a Román amerického autora pro mládež o síle lásky, cestování časem a rozhodnutích, která mohou změnit osudy několika osob. |b Jack našel v Kate svou životní lásku, potkali se na párty, která měla být stejně obyčejná jako všechny předtím, ale nebyla. Milují stejné filmy, ovocné lupínky, smějí se stejným věcem a sdílí i stejný pohled na svět. Poté však do jejich životů zasáhne osud, Kate umírá, ale ani to není konec. Jack se přenese v čase na počátek jejich vztahu a má šanci vše změnit. Nejprve nevěří, že je něco takového možné, zanedlouho se ovšem rozhodne udělat cokoli, aby o svou životní lásku nepřišel. Netuší, že jeho rozhodnutí a činy budou mít nečekaně špatné důsledky pro jeho blízké. Co vše bude ochoten ztratit, aby Kate přežila? | |
| 655 | 7 | |a americké romány |7 fd131796 |2 czenas | |
| 655 | 7 | |a fantasy romány |7 fd184199 |2 czenas | |
| 655 | 7 | |a publikace pro mládež |7 fd133157 |2 czenas | |
| 655 | 9 | |a American fiction |2 eczenas | |
| 655 | 9 | |a fantasy novels |2 eczenas | |
| 655 | 9 | |a juvenile literature |2 eczenas | |
| 700 | 1 | |a Ambrožová, Alžběta, |d 1993- |7 xx0242057 |4 trl | |
| 900 | |a ABA001 |b 20 | ||
| 928 | 9 | |a Albatros Media - CooBoo | |
| 044 | |a xr | ||
| 910 | |a RBIT002 | ||
| 998 | |d 201195 |a https://core.palmknihy.cz/api/books/201195/cover?pwkugd |b https://core.palmknihy.cz/api/books/201195/cover/400?pwkugd |c https://core.palmknihy.cz/api/books/201195/cover/50?pwkugd |e 2050-12-31 |g 448 |i 9788075448439 |j https://core.palmknihy.cz/api/books/201195/preview.epub |k https://core.palmknihy.cz/api/books/201195/preview.pdf |l |q 49 |r 1 |s https://www.palmknihy.cz/kniha/201195 |t ebook |y 2019 |z 0 | ||
| 999 | |d 313978 | ||